[Event "1 e4 e5"]
[Site "SchemingMind.com"]
[Date "2023.06.24"]
[Round "-"]
[White "The Stonewall"]
[Black "Robert Hatfield"]
[Result "1-0"]
[WhiteCountry "ENG"]
[BlackCountry "USA"]
[WhiteElo "2308"]
[WhiteRD "75"]
[BlackElo "1777"]
[BlackRD "67"]
[GameID "735050"]

1. e4 e5 2. Nc3 Nf6 3. f4 d5 4. fxe5 Nxe4 5. Nf3 Be7 6. Qe2 Nxc3 7. dxc3 c5 8. Bf4 Nc6 9. O-O-O Be6 10. Qf2 Qa5
11. a3 h6 12. Be2 O-O 13. Qg3 Kh8 14. h4 d4 15. cxd4 cxd4 16. Ng5 d3 17. Qxd3 Bxg5 18. hxg5 Rad8 19. Qe3 Rxd1+ 20. Bxd1
1-0

[Event "1 e4 e5"]
[Site "SchemingMind.com"]
[Date "2023.06.24"]
[Round "-"]
[White "Robert Hatfield"]
[Black "The Stonewall"]
[Result "0-1"]
[WhiteCountry "USA"]
[BlackCountry "ENG"]
[WhiteElo "1778"]
[WhiteRD "63"]
[BlackElo "2315"]
[BlackRD "79"]
[GameID "735051"]

1. e4 e5 2. Nf3 Nf6 3. Nxe5 d6 4. Nf3 Nxe4 5. Nc3 Nxc3 6. dxc3 Be7 7. Be3 O-O 8. Qd2 Nd7 9. O-O-O Nf6 10. Bd3 c5
11. Rhe1 Be6 12. Kb1 Qa5 13. c4 Qxd2 14. Bxd2 h6 15. h3 Rfe8 16. a3 d5 17. cxd5 Nxd5 18. Ne5 Bf6 19. Nf3 Rad8 20. Kc1 Nb6
21. Be3 c4 22. Bf1 Bd5 23. Bxb6 Rxe1 24. Bxd8 Rxd1+ 25. Kxd1 Bxd8 26. Nd2 b5 27. a4 c3 28. bxc3 bxa4 29. Kc1 Bb6 30. Bb5 Bxg2
0-1

[Event "1 e4 e5"]
[Site "SchemingMind.com"]
[Date "2023.06.28"]
[Round "-"]
[White "The Stonewall"]
[Black "Robert Bruce"]
[Result "0-1"]
[WhiteCountry "ENG"]
[BlackCountry "SCO"]
[WhiteElo "2311"]
[WhiteRD "76"]
[BlackElo "2359"]
[BlackRD "68"]
[GameID "735180"]

1. e4 e5 2. Nc3 Nf6 3. Bc4 Nxe4 4. Qh5 Nd6 5. Qxe5+ Qe7 6. Qxe7+ Bxe7 7. Bb3 Nf5 8. Nf3 c6 9. O-O d5 10. Re1 Na6
11. d4 h5 12. Ne2 Nc7 13. Bd2 h4 14. Nf4 Kf8 15. Ne5 Rg8 16. Ba5 Nb5 17. c3 g5 18. Nfd3 f6 19. Nf3 Nbd6 20. Bb4 a5
21. Bc5 a4 22. Bc2 g4 23. Nd2 Kf7 24. Re2 Bf8 25. Rae1 Bh6 26. Nb4 h3 27. g3 Re8 28. Rxe8 Nxe8 29. Nf1 Nfd6 30. Ne3 Be6
31. Nd3 a3 32. Bxa3 Bxe3 33. fxe3 Nc4 34. Nc5 Ned6 35. Nxe6 Nxa3 36. Nd8+ Rxd8 37. bxa3 f5 38. a4 Rc8 39. Rb1 c5 40. Rb3 cxd4
41. exd4 Kf6 42. Bd3 Kg5 43. a5 Re8 44. Rb6 Re3 45. Bf1 Nc4 46. Rxb7 Nxa5 47. Rg7+ Kf6 48. Rg8 Nc4 49. Rf8+ Kg5 50. Rg8+ Kf6
51. Rf8+ Kg6 52. Rg8+ Kf7 53. Rd8 Nd2 54. Rxd5 Kf6 55. Re5 Rxc3 56. Rc5 Nf3+ 57. Kh1 Ra3 58. Rc2 Ra7 59. d5 Rb7 60. a4 Rb1
0-1

[Event "1 e4 e5"]
[Site "SchemingMind.com"]
[Date "2023.06.28"]
[Round "-"]
[White "Robert Bruce"]
[Black "The Stonewall"]
[Result "1/2-1/2"]
[WhiteCountry "SCO"]
[BlackCountry "ENG"]
[WhiteElo "2359"]
[WhiteRD "68"]
[BlackElo "2311"]
[BlackRD "76"]
[GameID "735181"]

1. e4 e5 2. f4 d5 3. exd5 exf4 4. Nf3 Nf6 5. Bc4 Nxd5 6. O-O Be6 7. Re1 Be7 8. d4 O-O 9. Kh1 Nc6 10. Bb3 Bg4
11. Nc3 Nxc3 12. bxc3 Bd6 13. Rb1 Na5 14. c4 Nxb3 15. axb3 c6 16. c5 Bc7 17. c4 b6 18. Ba3 Re8 19. Rxe8+ Qxe8 20. d5 cxd5
21. cxd5 bxc5 22. Bxc5 Qb5 23. b4 Rd8 24. h3 Bf5 25. Nd4 Qd7 26. Nxf5 Qxf5 27. Rc1 Rxd5 28. Qe2 Qe6 29. Qxe6 fxe6 30. Bxa7 Bd6
31. Bc5 Bb8 32. Kg1 Kf7 33. Kf2 e5 34. Kf3 Ke6 35. Ke4 Rd2 36. Ra1 Rxg2 37. Ra6+ Kd7 38. Ra8 Kc7 39. Ra6 Re2+ 40. Kd5 Rd2+
41. Ke4 Kd7 42. Ra8 Kc8 43. Ra6 Kd8 44. Ra8 Kc7 45. Ra6 Rd1 46. Re6 Kd8 47. h4 Rd7 48. Bb6+ Kc8 49. h5 Rf7 50. Bf2 Kd7
51. Rb6 Bc7 52. Ra6 Bb8 53. Rb6 Kc7 54. Re6 Kd8 55. b5 Kd7 56. Rb6 Kc7 57. Kxe5 Ba7 58. Rc6+ Kb7 59. Rc2 Bb6 60. Rb2 Rf6
61. Ke4 f3 62. Rd2 Rf7 63. Rc2 Rf8 64. Rd2 Rf7 65. Ra2=
1/2-1/2

[Event "1 e4 e5"]
[Site "SchemingMind.com"]
[Date "2023.06.29"]
[Round "-"]
[White "Robert Bruce"]
[Black "Robert Hatfield"]
[Result "1-0"]
[WhiteCountry "SCO"]
[BlackCountry "USA"]
[WhiteElo "2279"]
[WhiteRD "66"]
[BlackElo "1777"]
[BlackRD "67"]
[GameID "735182"]

1. e4 e5 2. f4 d5 3. exd5 c6 4. Qe2 cxd5 5. fxe5 Nc6 6. Nf3 Bg4 7. Qf2 Bxf3 8. gxf3 Be7 9. Qg1 Bh4+ 10. Kd1 Nxe5
11. Qxg7 Bf6 12. Bb5+ Nc6 13. Re1+ Kd7 14. Qxf7+
1-0

[Event "1 e4 e5"]
[Site "SchemingMind.com"]
[Date "2023.06.28"]
[Round "-"]
[White "Robert Hatfield"]
[Black "Robert Bruce"]
[Result "0-1"]
[WhiteCountry "USA"]
[BlackCountry "SCO"]
[WhiteElo "1777"]
[WhiteRD "67"]
[BlackElo "2279"]
[BlackRD "66"]
[GameID "735183"]

1. e4 e5 2. Nf3 d5 3. exd5 Bd6 4. Bb5+ c6 5. Bc4 cxd5 6. Bxd5 Nf6 7. Bb3 e4 8. Ng5 O-O 9. Nxf7 Rxf7 10. Bxf7+ Kxf7
11. O-O Bxh2+ 12. Kxh2 Ng4+ 13. Kg3 Qd6+ 14. Kh4 Qh2+ 15. Kg5 h6#
0-1

[Event "1 e4 e5"]
[Site "SchemingMind.com"]
[Date "2023.07.02"]
[Round "-"]
[White "The Stonewall"]
[Black "William Lindberg"]
[Result "0-1"]
[WhiteCountry "ENG"]
[BlackCountry "USA"]
[WhiteElo "2313"]
[WhiteRD "78"]
[BlackElo "2341"]
[BlackRD "69"]
[GameID "735192"]

1. e4 e5 2. Bc4 Nf6 3. d3 Bb4+ 4. c3 Ba5 5. Nf3 O-O 6. O-O d6 7. Bg5 Nbd7 8. Nbd2 c6 9. a4 h6 10. Bh4 Re8
11. Qb3 Qe7 12. d4 Bc7 13. Rfe1 Rb8 14. Qa3 Qf8 15. Rad1 Nh5 16. Qa2 Ndf6 17. dxe5 dxe5 18. a5 g5 19. Bg3 Nxg3 20. hxg3 b5
21. axb6 axb6 22. b4 b5 23. Bb3 Kg7 24. Nf1 Rb6 25. Qc2 Rb7 26. Ne3 Bb6 27. Ra1 Qe7 28. Ra8 Bd7 29. Ra6 Rbb8 30. Raa1 Ra8
31. Rad1 Rad8 32. Re2 Ng4 33. Nxg4 Bxg4 34. Red2 Rxd2 35. Rxd2 Rc8 36. Qa2 Bh5 37. Qa1 Bg6 38. Qd1 Rc7 39. Qe2 h5 40. Ne1 g4
41. Nd3 Rd7 42. Kf1 Qf6 43. Bd1 Qg5 44. Ke1 Rd8 45. Bb3 h4 46. gxh4 Qxh4 47. Kd1 Qh1+ 48. Ne1 Ra8 49. Ba2 g3 50. fxg3 c5
51. bxc5 Bxc5 52. g4 b4 53. Qd3 b3 54. Bb1 Qg1 55. Rb2 Bf2 56. Qe2 Bg3
0-1

[Event "1 e4 e5"]
[Site "SchemingMind.com"]
[Date "2023.07.02"]
[Round "-"]
[White "William Lindberg"]
[Black "The Stonewall"]
[Result "1-0"]
[WhiteCountry "USA"]
[BlackCountry "ENG"]
[WhiteElo "2345"]
[WhiteRD "66"]
[BlackElo "2308"]
[BlackRD "75"]
[GameID "735193"]

1. e4 e5 2. Nc3 Nf6 3. Nf3 Bb4 4. Nxe5 O-O 5. Be2 Re8 6. Nd3 Bxc3 7. dxc3 Nxe4 8. O-O d6 9. Re1 Nd7 10. Bf3 Ndf6
11. Nf4 h6 12. h3 Bf5 13. c4 c6 14. Be3 Qc7 15. Bxe4 Rxe4 16. f3 Rxc4 17. c3 d5 18. Qd2 Ra4 19. Bd4 Qd6 20. b3 Ra6
21. g4 Bg6 22. Be5 Qd8 23. Bd4 Qd6 24. Kg2 Nd7 25. Re2 Re8 26. Rxe8+
1-0

[Event "1 e4 e5"]
[Site "SchemingMind.com"]
[Date "2023.06.28"]
[Round "-"]
[White "Robert Bruce"]
[Black "William Lindberg"]
[Result "1-0"]
[WhiteCountry "SCO"]
[BlackCountry "USA"]
[WhiteElo "2329"]
[WhiteRD "67"]
[BlackElo "2340"]
[BlackRD "66"]
[GameID "735194"]

1. e4 e5 2. f4 exf4 3. Nf3 g5 4. Nc3 g4 5. Ne5 Nc6 6. Nxg4 Qh4+ 7. Nf2 Bc5 8. d4 Bxd4 9. Qf3 d6 10. Bxf4 Ne5
11. Bxe5 dxe5 12. Nd5 Bxf2+ 13. Qxf2 Qxe4+ 14. Ne3 Ne7 15. O-O-O Be6 16. Kb1 c6 17. g3 Qg6 18. Nc4 Bd5 19. Nxe5 Qh5 20. Re1 O-O-O
21. Be2 Qg5 22. Rhf1 Kb8 23. Nxf7 Bxf7 24. Qxf7 Ng6 25. a3 Ne5 26. Qb3 Rhe8 27. h4 Qg8 28. Qc3 Qg6 29. h5 Qg8 30. g4 Re6
31. Qg3 Ka8 32. g5 Qh8 33. Rf5 Qe8 34. Ref1 a6 35. Qf2 Re7 36. h6 Qg6 37. Qf4 Qe8 38. Rf8 Qxf8 39. Qxf8 Rxf8 40. Rxf8+ Ka7
41. Bh5 Rd7 42. Re8 Nf7 43. Rg8 Nxh6 44. gxh6 Rd6 45. Rg5 Rxh6 46. b3 b5 47. Rf5 Kb6 48. Bf3 Kc7 49. Kb2 Re6 50. Bg4 Rh6
51. Ka2 Kb6 52. Bf3 Re6 53. Rh5 Rf6 54. Bh1 h6 55. a4 bxa4 56. bxa4 a5 57. c3 Rf2+ 58. Ka3 Rf6 59. Re5 Rg6 60. Kb2 Rf6
61. Kb3 Rg6 62. Be4 Rf6 63. Re8 h5 64. Re7 Rh6 65. Bh1 h4 66. Be4 Rf6 67. Rh7 Rf4 68. Bg2 Rf2 69. Bh3 Rh2 70. Bc8 Kc5
71. Rh6 Rh1 72. Bf5 Kd5 73. Bd7 Rb1+ 74. Kc2 Rb6 75. Rh5+ Kd6 76. Bg4 Rb8 77. Bf3 Rc8 78. Rxh4 Kc5 79. Bh1 Kb6 80. Rh6 Kc5
81. Rxc6+ Rxc6 82. Bxc6 Kxc6 83. c4 Kb6 84. Kc3 Kc5 85. Kd3 Kd6 86. Kd4 Kc6 87. c5 Kc7 88. Kd5 Kb7 89. c6+ Kc8 90. Kc5 Kc7
91. Kb5 Kc8 92. Kxa5 Kc7 93. Kb5 Kd8 94. Kb6 Kc8 95. c7
1-0

[Event "1 e4 e5"]
[Site "SchemingMind.com"]
[Date "2023.06.28"]
[Round "-"]
[White "William Lindberg"]
[Black "Robert Bruce"]
[Result "0-1"]
[WhiteCountry "USA"]
[BlackCountry "SCO"]
[WhiteElo "2340"]
[WhiteRD "66"]
[BlackElo "2329"]
[BlackRD "67"]
[GameID "735195"]

1. e4 e5 2. Nf3 d5 3. exd5 Bd6 4. d4 e4 5. Nfd2 f5 6. c4 b6 7. Be2 Nf6 8. Nc3 O-O 9. O-O c6 10. g3 Bc7
11. Na4 cxd5 12. cxd5 Nxd5 13. Qb3 Kh8 14. Nc3 Bb7 15. Re1 Nxc3 16. bxc3 f4 17. Ba3 Bd6 18. Bxd6 Qxd6 19. Nc4 Qf6 20. Rf1 Bd5
21. Qb5 Qe6 22. gxf4 a6 23. Qa4 b5 24. Qa3 Nd7 25. Ne3 Rxf4 26. Nxd5 Qxd5 27. c4 bxc4 28. Rac1 Nb6 29. Qc5 Qe6 30. Kh1 Rc8
31. Qe5 Qxe5 32. dxe5 g6 33. Rcd1 c3 34. Bxa6 Rc5 35. e6 Kg7 36. e7 Kf7 37. Rd6 Na8 38. e8=R Kxe8 39. Bb7 Ke7 40. Rd4 Nc7
41. Rxe4+ Ne6 42. f3 Kf6 43. Kg2 Rb5 44. Rfe1 Rxe4 45. Bxe4 Rb2+ 46. Kg3 Rxa2 47. Bd5 Ra6 48. Be4 Nd4 49. Kf2 Ra2+ 50. Ke3 Nc2+
51. Bxc2 Rxc2 52. h4 Rg2 53. Kd3 c2 54. Kc3 Kf5 55. Kb2 Kf4 56. Re7 h5 57. Re6 Kxf3 58. Rf6+ Ke4 59. Kc1 Ke5 60. Rf3 Rg4
61. Rh3 Rg1+ 62. Kxc2 Kf4 63. Ra3 Kg4 64. Ra4+ Kh3 65. Kd2 Rg4 66. Ra1 Kxh4 67. Ke2 Kg3 68. Kf1 Kh2 69. Ra2+ Kh1 70. Ra3 Rg1+
71. Kf2 Kh2 72. Ra5 Rg3 73. Kf1 Rg2 74. Ke1 h4 75. Kd1 g5 76. Kc1 g4 77. Ra8 g3 78. Kd1 h3 79. Ra6 Rf2 80. Ke1 Kg2
81. Re6 h2 82. Re2 Kf3
0-1

[Event "1 e4 e5"]
[Site "SchemingMind.com"]
[Date "2023.06.29"]
[Round "-"]
[White "William Lindberg"]
[Black "Robert Hatfield"]
[Result "1-0"]
[WhiteCountry "USA"]
[BlackCountry "USA"]
[WhiteElo "2345"]
[WhiteRD "66"]
[BlackElo "1777"]
[BlackRD "67"]
[GameID "735196"]

1. e4 e5 2. Be2 Bc5 3. Nf3 d5 4. Nxe5 Nf6 5. d4 Bb6 6. exd5 Nxd5 7. c4 Nf6 8. c5 Ba5+ 9. Nc3 h6 10. Bc4 O-O
11. O-O c6 12. Qb3 Qe7 13. Ng6
1-0

[Event "1 e4 e5"]
[Site "SchemingMind.com"]
[Date "2023.06.29"]
[Round "-"]
[White "Robert Hatfield"]
[Black "William Lindberg"]
[Result "0-1"]
[WhiteCountry "USA"]
[BlackCountry "USA"]
[WhiteElo "1777"]
[WhiteRD "67"]
[BlackElo "2345"]
[BlackRD "66"]
[GameID "735197"]

1. e4 e5 2. Nf3 Nc6 3. Nc3 Nf6 4. Bb5 Bd6 5. O-O O-O 6. d3 Nd4 7. Bc4 c6 8. Bg5 Bc7 9. a4 h6 10. Bh4 Nxf3+
11. Qxf3 g5 12. Bg3 d5 13. exd5 Bg4 14. Qe3 cxd5 15. Nxd5 Nxd5 16. Qe4 Be6
0-1

[Event "1 e4 e5"]
[Site "SchemingMind.com"]
[Date "2023.07.10"]
[Round "-"]
[White "The Stonewall"]
[Black "esessoms"]
[Result "1-0"]
[WhiteCountry "ENG"]
[BlackCountry "USA"]
[WhiteElo "2315"]
[WhiteRD "79"]
[BlackElo "1176"]
[BlackRD "159"]
[GameID "735492"]

1. e4 e5 2. Bc4 Nf6 3. d4 exd4 4. Nf3 Nc6 5. e5 d5 6. Bb5 Ne4 7. Nxd4 Bc5 8. Be3 O-O 9. Nxc6 bxc6 10. Bxc5 Nxc5
11. Bxc6 Rb8 12. Qxd5
1-0

[Event "1 e4 e5"]
[Site "SchemingMind.com"]
[Date "2023.07.10"]
[Round "-"]
[White "esessoms"]
[Black "The Stonewall"]
[Result "0-1"]
[WhiteCountry "USA"]
[BlackCountry "ENG"]
[WhiteElo "1176"]
[WhiteRD "159"]
[BlackElo "2315"]
[BlackRD "79"]
[GameID "735493"]

1. e4 e5 2. Nf3 d6 3. d4 exd4 4. Nxd4 Nf6 5. Nc3 Be7 6. Bc4 O-O 7. O-O c6 8. Bf4 b5 9. Bd3 b4 10. Nce2 c5
11. Nf3 Nc6 12. e5 dxe5
0-1

[Event "1 e4 e5"]
[Site "SchemingMind.com"]
[Date "2023.07.10"]
[Round "-"]
[White "Robert Bruce"]
[Black "esessoms"]
[Result "1-0"]
[WhiteCountry "SCO"]
[BlackCountry "USA"]
[WhiteElo "2329"]
[WhiteRD "67"]
[BlackElo "1176"]
[BlackRD "159"]
[GameID "735494"]

1. e4 e5 2. f4 exf4 3. Nf3 d6 4. d4 g5 5. g3 g4 6. Nh4 f3 7. Nc3 Nc6 8. h3 Nf6 9. Bb5 a6 10. Bxc6+ bxc6
11. hxg4 Bxg4 12. Nxf3 Nh5 13. Qd3 Qf6 14. Nh2
1-0

[Event "1 e4 e5"]
[Site "SchemingMind.com"]
[Date "2023.07.10"]
[Round "-"]
[White "esessoms"]
[Black "Robert Bruce"]
[Result "0-1"]
[WhiteCountry "USA"]
[BlackCountry "SCO"]
[WhiteElo "1176"]
[WhiteRD "159"]
[BlackElo "2329"]
[BlackRD "67"]
[GameID "735495"]

1. e4 e5 2. Nf3 d5 3. exd5 Bd6 4. d4 e4 5. Ne5 Nf6 6. Nc3 Nbd7 7. Bf4 O-O 8. Bc4 Re8 9. O-O Nxe5 10. dxe5 Bxe5
11. Bg5 h6 12. Bxf6 Qxf6 13. Nxe4 Qf4
0-1

[Event "1 e4 e5"]
[Site "SchemingMind.com"]
[Date "2023.07.11"]
[Round "-"]
[White "William Lindberg"]
[Black "esessoms"]
[Result "1-0"]
[WhiteCountry "USA"]
[BlackCountry "USA"]
[WhiteElo "2340"]
[WhiteRD "66"]
[BlackElo "1176"]
[BlackRD "159"]
[GameID "735496"]

1. e4 e5 2. Nf3 Nc6 3. Bb5 d6 4. d4 Nf6 5. dxe5 dxe5 6. Bxc6+ bxc6 7. Qxd8+ Kxd8 8. Nxe5 Ke8 9. f3 Bc5 10. Nxc6 Ba6
11. Nc3 Kd7 12. Ne5+ Ke6 13. Nd3 Bxd3 14. cxd3
1-0

[Event "1 e4 e5"]
[Site "SchemingMind.com"]
[Date "2023.07.11"]
[Round "-"]
[White "esessoms"]
[Black "William Lindberg"]
[Result "0-1"]
[WhiteCountry "USA"]
[BlackCountry "USA"]
[WhiteElo "1176"]
[WhiteRD "159"]
[BlackElo "2340"]
[BlackRD "66"]
[GameID "735497"]

1. e4 e5 2. Nf3 Nc6 3. Bc4 Bc5 4. c3 Nf6 5. d4 exd4 6. cxd4 Bb4+ 7. Nc3 Nxe4 8. O-O Bxc3 9. d5 Bf6 10. Re1 Ne7
11. Rxe4 d6 12. Bb5+ Bd7 13. Qa4 a6 14. Bxd7+ Qxd7
0-1

[Event "1 e4 e5"]
[Site "SchemingMind.com"]
[Date "2023.07.11"]
[Round "-"]
[White "Robert Hatfield"]
[Black "esessoms"]
[Result "1-0"]
[WhiteCountry "USA"]
[BlackCountry "USA"]
[WhiteElo "1778"]
[WhiteRD "63"]
[BlackElo "1176"]
[BlackRD "159"]
[GameID "735498"]

1. e4 e5 2. Nf3 Nc6 3. Nc3 Nf6 4. Bb5 d6 5. d4 Bd7 6. O-O Be7 7. Re1 O-O 8. Bxc6 Bxc6 9. dxe5 dxe5 10. Qxd8 Raxd8
11. Nxe5
1-0

[Event "1 e4 e5"]
[Site "SchemingMind.com"]
[Date "2023.07.11"]
[Round "-"]
[White "esessoms"]
[Black "Robert Hatfield"]
[Result "0-1"]
[WhiteCountry "USA"]
[BlackCountry "USA"]
[WhiteElo "1176"]
[WhiteRD "159"]
[BlackElo "1778"]
[BlackRD "63"]
[GameID "735499"]

1. e4 e5 2. Nf3 Nc6 3. Bc4 Bc5 4. c3 Nf6 5. d4 exd4 6. cxd4 Bb4+ 7. Nc3 Nxe4 8. O-O Bxc3 9. d5 Bf6 10. Re1 O-O
11. Rxe4 Ne7 12. Bg5 Bxg5 13. Nxg5 d6
0-1

[Event "1 e4 e5"]
[Site "SchemingMind.com"]
[Date "2023.07.16"]
[Round "-"]
[White "The Stonewall"]
[Black "eliecercruzr"]
[Result "1/2-1/2"]
[WhiteCountry "ENG"]
[BlackCountry "CUB"]
[WhiteElo "2313"]
[WhiteRD "78"]
[BlackElo "2298"]
[BlackRD "64"]
[GameID "735680"]

1. e4 e5 2. Nf3 Nc6 3. d4 exd4 4. Nxd4 Nf6 5. Nxc6 bxc6 6. e5 Qe7 7. Qe2 Nd5 8. c4 Ba6 9. Nd2 g6 10. Nf3 Qb4+
11. Kd1 Rb8 12. Qc2 Ne7 13. b3 Bg7 14. Bd2 Qb6 15. c5 Qb7 16. Bxa6 Qxa6 17. Re1 O-O 18. Qc4 Qa3 19. Nd4 Nd5 20. Nc2 Qb2
21. f4 a5 22. Bc1 Qc3 23. Bd2 Qxc4 24. bxc4 Nb4 25. Nxb4 axb4 26. Rb1 Ra8 27. Rxb4 Rxa2 28. Re3 Ra7 29. Reb3 f6 30. exf6 Bxf6
31. Rb7 Rxb7 32. Rxb7 Kf7 33. Rxc7 Ke6 34. Be3 Rb8 35. Ke2 h5 36. Ra7 Rb2+ 37. Kf3 Rb3=
1/2-1/2

[Event "1 e4 e5"]
[Site "SchemingMind.com"]
[Date "2023.07.16"]
[Round "-"]
[White "eliecercruzr"]
[Black "The Stonewall"]
[Result "1/2-1/2"]
[WhiteCountry "CUB"]
[BlackCountry "ENG"]
[WhiteElo "2298"]
[WhiteRD "64"]
[BlackElo "2313"]
[BlackRD "78"]
[GameID "735681"]

1. e4 e5 2. Nf3 Nf6 3. Nxe5 d6 4. Nf3 Nxe4 5. d4 d5 6. Bd3 Bd6 7. O-O O-O 8. c4 c6 9. Nc3 Nxc3 10. bxc3 dxc4
11. Bxc4 Bf5 12. Bd3 Bxd3 13. Qxd3 Nd7 14. Re1 Qa5 15. Be3 Rfe8 16. c4 b6 17. a4 Rad8 18. h3 Bb4 19. Reb1 Nc5 20. Qf5 Ne6
21. Ne5 f6 22. d5 Nd4 23. Bxd4 fxe5 24. Bxe5 cxd5 25. Qg5 Rd7 26. Rd1 Ree7 27. Bb2 dxc4 28. Qg4 Bd2 29. Ba3 Rf7 30. Qxc4 h6
31. Qc8+ Kh7 32. Qc2+ Kg8 33. Bb2 Rd6 34. Qc8+ Kh7 35. Qc2+ Kg8 36. Qc8+=
1/2-1/2

[Event "1 e4 e5"]
[Site "SchemingMind.com"]
[Date "2023.07.16"]
[Round "-"]
[White "Robert Bruce"]
[Black "eliecercruzr"]
[Result "0-1"]
[WhiteCountry "SCO"]
[BlackCountry "CUB"]
[WhiteElo "2329"]
[WhiteRD "68"]
[BlackElo "2298"]
[BlackRD "64"]
[GameID "735682"]

1. e4 e5 2. f4 exf4 3. Nf3 g5 4. Nc3 d6 5. d4 g4 6. Bxf4 gxf3 7. Qxf3 Nc6 8. Bb5 Qh4+ 9. Bg3 Qf6 10. Qd3 a6
11. Nd5 Qd8 12. Ba4 h5 13. Qc3 Bd7 14. e5 h4 15. Bf4 Bg7 16. O-O-O Nge7 17. Bxc6 Nxc6 18. Qe3 dxe5 19. Bg5 f6 20. dxe5 fxg5
21. e6 Bc8 22. e7 Qd6 23. Qd3 Be5 24. Qe4 Qh6 25. Kb1 Rb8 26. g4 Qh7 27. Qc4 Qg7 28. b3 Be6 29. Nxc7+ Bxc7 30. Qxe6 Ne5
31. Rhf1 Qxe7 32. Qd5 Rf8 33. Rfe1 Rf7 34. Rd3 b5 35. Rde3 Rd8 36. Qb7 Qf6 37. b4 Kf8 38. Qxc7 Rxc7 39. Rxe5 Rd1+
0-1

[Event "1 e4 e5"]
[Site "SchemingMind.com"]
[Date "2023.07.16"]
[Round "-"]
[White "eliecercruzr"]
[Black "Robert Bruce"]
[Result "1-0"]
[WhiteCountry "CUB"]
[BlackCountry "SCO"]
[WhiteElo "2298"]
[WhiteRD "64"]
[BlackElo "2329"]
[BlackRD "68"]
[GameID "735683"]

1. e4 e5 2. Nf3 d5 3. exd5 Bd6 4. d4 e4 5. Nfd2 f5 6. Nc4 Be7 7. Qh5+ g6 8. Qh3 f4 9. Qb3 e3 10. Ne5 exf2+
11. Kxf2 Nf6 12. Nc3 Bd6 13. Be2 Nbd7 14. Re1 O-O 15. Nf3 g5 16. Kg1 g4 17. Ng5 Nb6 18. Rf1 f3 19. gxf3 Qe8 20. Nce4 Qg6
21. Nxd6 cxd6 22. fxg4 Bxg4 23. Bd3 Qh5 24. c4 h6 25. Ne6 Bxe6 26. dxe6 Rae8 27. Bf4 Rxe6 28. d5 Ree8 29. Bxd6 Rf7 30. Kh1 Ng4
31. Rxf7 Qxf7 32. Rf1 Qg7 33. Qc2 h5 34. h3 Ne3 35. Qe2 Qd7 36. Qxh5 Nxf1 37. Qg6+ Kh8 38. Bf5 Nc8 39. Bxd7
1-0

[Event "1 e4 e5"]
[Site "SchemingMind.com"]
[Date "2023.07.16"]
[Round "-"]
[White "William Lindberg"]
[Black "eliecercruzr"]
[Result "1/2-1/2"]
[WhiteCountry "USA"]
[BlackCountry "CUB"]
[WhiteElo "2340"]
[WhiteRD "66"]
[BlackElo "2308"]
[BlackRD "70"]
[GameID "735684"]

1. e4 e5 2. Nf3 Nc6 3. Bb5 Nf6 4. O-O Nxe4 5. d4 Nd6 6. Bxc6 dxc6 7. dxe5 Nf5 8. Qxd8+ Kxd8 9. Rd1+ Ke8 10. Nc3 Be7
11. h3 Be6 12. b3 Rd8 13. Bb2 Nh4 14. Nxh4 Bxh4 15. Ne2 h5 16. c4 Be7 17. Bc3 Bc5 18. Nf4 Rxd1+= 19. Rxd1 g5 20. Nxe6 fxe6
21. b4 Be7 22. c5 a5 23. a3 Rf8 24. Kf1 Rf4 25. Bd4 axb4 26. axb4 g4 27. hxg4 hxg4 28. Ke2 Bg5=
1/2-1/2

[Event "1 e4 e5"]
[Site "SchemingMind.com"]
[Date "2023.07.16"]
[Round "-"]
[White "eliecercruzr"]
[Black "William Lindberg"]
[Result "1/2-1/2"]
[WhiteCountry "CUB"]
[BlackCountry "USA"]
[WhiteElo "2308"]
[WhiteRD "70"]
[BlackElo "2340"]
[BlackRD "66"]
[GameID "735685"]

1. e4 e5 2. Nf3 Nc6 3. Bc4 Nf6 4. d3 Bc5 5. O-O h6 6. c3 d6 7. Nbd2 O-O 8. Re1 a5 9. Nf1 Be6 10. Bxe6 fxe6
11. Be3 Bxe3 12. Rxe3 Nd7 13. Ng3 a4 14. d4 b5 15. Rc1 Ra6 16. b3 Rf7 17. h3= Qe8 18. Qe2 axb3 19. axb3 Rb6 20. Qd2 Qb8
21. Nh4 Qd8 22. Nf3 Qe8 23. Qc2 b4 24. Qd1 Qc8 25. dxe5 Ndxe5 26. Nxe5 dxe5 27. Rd3 bxc3 28. Rcxc3 Kh7 29. Ne2 Qf8 30. Rd7 Qe8
31. Rd2 Na7 32. Nc1 Rd6 33. Rxd6 cxd6 34. Qxd6=
1/2-1/2

[Event "1 e4 e5"]
[Site "SchemingMind.com"]
[Date "2023.07.19"]
[Round "-"]
[White "Robert Hatfield"]
[Black "eliecercruzr"]
[Result "0-1"]
[WhiteCountry "USA"]
[BlackCountry "CUB"]
[WhiteElo "1778"]
[WhiteRD "63"]
[BlackElo "2308"]
[BlackRD "70"]
[GameID "735686"]

1. e4 e5 2. Nf3 Nc6 3. Nc3 Nf6 4. Bb5 Nd4 5. Ba4 c6 6. Nxe5 d6 7. Nf3 Bg4 8. d3 Bh5 9. Be3 Nxf3+ 10. gxf3 d5
11. exd5 Nxd5 12. Ne4 f5 13. Ng3 f4 14. Nxh5 fxe3 15. Qe2 Qa5+
0-1

[Event "1 e4 e5"]
[Site "SchemingMind.com"]
[Date "2023.07.18"]
[Round "-"]
[White "eliecercruzr"]
[Black "Robert Hatfield"]
[Result "1-0"]
[WhiteCountry "CUB"]
[BlackCountry "USA"]
[WhiteElo "2308"]
[WhiteRD "70"]
[BlackElo "1778"]
[BlackRD "63"]
[GameID "735687"]

1. e4 e5 2. Nf3 Nc6 3. Bb5 Nf6 4. d3 Bc5 5. Bxc6 dxc6 6. O-O Bg4 7. h3 Bh5 8. g4 Nxg4 9. hxg4 Bxg4 10. Be3 Qf6
11. Kg2 Bb6 12. Nbd2 O-O-O 13. Bxb6 axb6 14. Rh1 h5 15. Qe2 h4 16. Rag1 Qf4 17. Qe3 h3+ 18. Kf1 Qf6 19. Rxg4
1-0

[Event "1 e4 e5"]
[Site "SchemingMind.com"]
[Date "2023.07.18"]
[Round "-"]
[White "The Stonewall"]
[Black "ray winteringham"]
[Result "1-0"]
[WhiteCountry "ENG"]
[BlackCountry "ENG"]
[WhiteElo "2308"]
[WhiteRD "75"]
[BlackElo "1434"]
[BlackRD "48"]
[GameID "735759"]

1. e4 e5 2. Nf3 d6 3. d4 exd4 4. Nxd4 h6 5. Bc4 Nc6 6. O-O Bd7 7. Nc3 Qf6 8. Be3 Qg6 9. f4 Bh3 10. Qf3 Bg4
11. Qf2 Nxd4 12. Bxd4 Be7 13. Nd5 O-O-O 14. f5 Qh7 15. Bxa7 b6 16. Nxb6+ cxb6 17. Qxb6 Bf6 18. Qc6#
1-0

[Event "1 e4 e5"]
[Site "SchemingMind.com"]
[Date "2023.07.17"]
[Round "-"]
[White "ray winteringham"]
[Black "The Stonewall"]
[Result "0-1"]
[WhiteCountry "ENG"]
[BlackCountry "ENG"]
[WhiteElo "1434"]
[WhiteRD "48"]
[BlackElo "2308"]
[BlackRD "75"]
[GameID "735760"]

1. e4 e5 2. Bc4 Bc5 3. Bxf7+ Kxf7 4. Qh5+ Kf8 5. Qxe5 d6 6. Qf4+ Nf6 7. Nf3 Nc6 8. Nc3 Nb4 9. O-O Nxc2 10. Rb1 Bg4
11. b4 Bb6 12. Ng5 Nd4 13. Nb5 Ne2+
0-1

[Event "1 e4 e5"]
[Site "SchemingMind.com"]
[Date "2023.07.17"]
[Round "-"]
[White "ray winteringham"]
[Black "Robert Bruce"]
[Result "0-1"]
[WhiteCountry "ENG"]
[BlackCountry "SCO"]
[WhiteElo "1434"]
[WhiteRD "48"]
[BlackElo "2279"]
[BlackRD "66"]
[GameID "735761"]

1. e4 e5 2. c4 Nc6 3. Nf3 Nf6 4. d3 Bc5 5. h3 d6 6. Bd2 Nd7 7. a3 Nf8 8. Be2 a5 9. Nc3 Bd7 10. O-O Ne6
11. Nd5 a4 12. b4 axb3 13. Qxb3 Ncd4 14. Qxb7 Nxe2+ 15. Kh1 Rb8 16. Qa6 O-O 17. Qa5 Ra8 18. Qc3 Nxc3
0-1

[Event "1 e4 e5"]
[Site "SchemingMind.com"]
[Date "2023.07.18"]
[Round "-"]
[White "Robert Bruce"]
[Black "ray winteringham"]
[Result "1-0"]
[WhiteCountry "SCO"]
[BlackCountry "ENG"]
[WhiteElo "2279"]
[WhiteRD "66"]
[BlackElo "1434"]
[BlackRD "48"]
[GameID "735762"]

1. e4 e5 2. f4 exf4 3. Nf3 Bc5 4. d4 Bb6 5. Bxf4 d5 6. exd5 Qxd5 7. Nc3 h6 8. Nxd5 Nf6 9. Qe2+ Be6 10. Nxf6+ gxf6
11. d5 O-O 12. dxe6 Re8 13. O-O-O fxe6 14. Nh4 Kf7 15. Qh5+ Ke7 16. Ng6+
1-0